| 000 | 01016nmc a2200349 a 4500 | ||
|---|---|---|---|
| 003 | AR-BaBNM | ||
| 005 | 20251128205501.0 | ||
| 008 | 011101s1996 ||||||||||||||000 | spa|| | ||
| 020 | _a950-534-405-8 | ||
| 040 | _cAR-BaBNM | ||
| 245 | 1 | 0 | _aLos CBC y la enseñanza de la tecnología |
| 260 |
_aBuenos Aires _bA-Z editora _c1996 |
||
| 300 |
_a117 p. _bil., diagr. |
||
| 490 | 0 |
_aPensar el aula _vv. 3 |
|
| 504 | _aBibliografía comentada: p. 115-117 | ||
| 650 | 4 | _aTECNOLOGIA | |
| 650 | 4 | _aTECNICAS DIDACTICAS | |
| 650 | 4 | _aCIENCIA Y TECNOLOGIA | |
| 650 | 4 | _aENSENANZA POR COMPUTADORA | |
| 653 | _aEDUCACION GENERAL BASICA | ||
| 653 | _aENSENANZA DE LA TECNOLOGIA | ||
| 653 | _aCONTENIDOS BASICOS COMUNES | ||
| 700 | 1 | _aAckerman, Sebastián | |
| 700 | 1 | _aAnchorena, Sergio | |
| 700 | 1 | _aGotbeter, Gustavo Luis | |
| 700 | 1 | _aImbrogno, Juan Carlos | |
| 700 | 1 | _aLinietsky, César | |
| 700 | 1 | _aPetrosino, Jorge | |
| 700 | 1 |
_aEsperanza, Gladys _ecoordinador |
|
| 942 | _cBK | ||
| 998 | _csilvi | ||
| 999 |
_c11581 _d11581 |
||